Primzahlen (bis 50) - Sudden Death - Statistiken

Allgemein
  • Dieses Quiz wurde 554 mal gespielt
  • Das Durchschnittsergebnis liegt bei 11 aus 15
Answers on the Grid
Answers color-coded by a green-red scale on the quiz's grid according to % correct below.
1
2
3
4
5
6
7
8
9
10
11
12
13
14
15
16
17
18
19
20
21
22
23
24
25
26
27
28
29
30
31
32
33
34
35
36
37
38
39
40
41
42
43
44
45
46
47
48
49
50
 
Antwortstatistiken
Antwort % Korrekt
3
93%
7
93%
5
87%
11
83%
13
82%
2
82%
17
80%
19
76%
23
74%
29
62%
31
60%
37
57%
43
43%
47
43%
41
40%
Keine übereinstimmenden Quizze gefunden
Verteilung der Resultate
Anzahl Personen mit jedem Resultat
Perzentil nach korrekt beantworteten Fragen
Ihre Resultats-Entwicklung
Sie haben dieses Quiz noch nicht gespielt